Statistiques concernant Culture générale - Quiz #06

Cliquez ici pour prendre le quiz!

Statistiques générales

  • Ce quiz a été pris 18 800 fois
  • Le résultat moyen est 10 sur 20

Statistiques - réponses

QuestionRéponse% Correct
Que signifie le mot japonais "Arigatō" ?Merci
88%
Quel chanteur était surnommé "Cloclo" ?Claude François
87%
De quel pays Néfertiti fut-elle reine ?Égypte
86%
Quelle récompense est décernée par France Football au meilleur joueur de l'année ?Ballon d'or
83%
Quelle discipline requiert de porter des chaussons aplatis pour faire des "pointes" ?Ballet
79%
Quel bonus permet à Mario de devenir invincible ?L'étoile
75%
Dans quel pays de nombreux nazis se sont-ils réfugiés, dont Adolf Eichmann qui a été exfiltré par le Mossad ?L'Argentine
70%
Quel vaste désert se trouve entre la Chine et la Mongolie ?Désert de Gobi
55%
Selon la Bible, Jésus est né à Bethléem. Mais dans quelle ville a-t-il grandi ?Nazareth
52%
Quels sont les deux fleuves qui forment les frontières de la Mésopotamie ?Tigre
52%
Quels sont les deux fleuves qui forment les frontières de la Mésopotamie ?Euphrate
50%
De quel groupe Sting a-t-il été le chanteur ?The Police
45%
Quel édulcorant est fréquemment utilisé dans les sodas "light" ?Aspartame
38%
Qui a incarné Bella Swan dans la saga "Twilight" ?Kristen Stewart
38%
Quel ecclésiastique et homme d'état fonda en 1634 l'Académie française ?Le cardinal de Richelieu
33%
Quel nom est entre autres porté par la troisième ville la plus peuplée du Québec et la préfecture de la Mayenne?Laval
32%
Contrairement à l'idée reçue, les biscuits chinois ne viennent pas de Chine. De quel pays viennent-ils ?États-Unis
30%
Quel type de nombre sont 8, 27, 64 et 125 ?Des {cubes} parfaits
17%
Quelle langue très proche de l'ourdou s'écrit à l'aide d'un autre type d'alphabet ?L'hindi
13%
Qui était la deuxième femme d'Henri IV ?Marie de Médicis
13%

Distribution des résultats

Percentile par nombre de réponses

% des personnes avec chaque résultat

Votre développement - résultats

Vous n’avez pas pris ce quiz